000 00535nam a22001697a 4500
005 20251108165221.0
008 250721s9999 xx 000 0 ara d
082 1 4 _a611/إحس
100 1 _aشرف، إحسان علي
245 1 0 _aعلم التشريح :
_bدراسة عامة لبنيان جسم الإنسان /
264 1 _aالاسكندرية :
_bمؤسسة الثقافة الجامعية،
_c[19-].
300 _a320ص
650 1 7 _aالتشريح
700 1 _aميرة، كمال
942 _2ddc
_cBK
999 _c22387
_d22387